[Event "World Chess Olympiad 2018"]
[Site "Batumi"]
[Date "2018.09.30"]
[Round "6"]
[Board "2"]
[WhiteFideId "14000571"]
[White "Atabayev Saparmyrat"]
[BlackFideId "5107407"]
[Black "Rojas Alarcon Julian Antonio"]
[Result "1-0"]
[LiveChessVersion "1.4.8"]
[BlackElo "2387"]
[WhiteElo "2443"]

1. e4 {[%clk 1:30:58]} e5 {[%clk 1:30:33]} 2. Nf3 {[%clk 1:31:21]} Nf6
{[%clk 1:30:32]} 3. Nxe5 {[%clk 1:31:24]} d6 {[%clk 1:30:57]} 4. Nf3
{[%clk 1:31:50]} Nxe4 {[%clk 1:31:23]} 5. Nc3 {[%clk 1:32:05]} Nxc3
{[%clk 1:28:26]} 6. dxc3 {[%clk 1:32:31]} Be7 {[%clk 1:28:52]} 7. Bf4
{[%clk 1:32:38]} Nd7 {[%clk 1:25:23]} 8. Qd2 {[%clk 1:32:42]} Nc5
{[%clk 1:19:06]} 9. O-O-O {[%clk 1:32:55]} Bg4 {[%clk 1:11:22]} 10. Bb5+
{[%clk 1:26:19]} Bd7 {[%clk 1:11:18]} 11. Be2 {[%clk 1:24:39]} O-O
{[%clk 1:06:46]} 12. h4 {[%clk 1:14:40]} Re8 {[%clk 1:00:24]} 13. Bc4
{[%clk 0:54:20]} Be6 {[%clk 0:57:22]} 14. Bxe6 {[%clk 0:53:56]} Nxe6
{[%clk 0:57:46]} 15. Be3 {[%clk 0:53:25]} Qd7 {[%clk 0:50:05]} 16. h5
{[%clk 0:52:34]} Rad8 {[%clk 0:40:41]} 17. Kb1 {[%clk 0:50:12]} c5
{[%clk 0:37:06]} 18. Qd5 {[%clk 0:41:51]} Bf6 {[%clk 0:25:09]} 19. Qf5
{[%clk 0:32:43]} Nf8 {[%clk 0:19:30]} 20. Qxd7 {[%clk 0:32:32]} Rxd7
{[%clk 0:19:59]} 21. Rd5 {[%clk 0:31:48]} Ne6 {[%clk 0:20:01]} 22. Rhd1
{[%clk 0:31:16]} Red8 {[%clk 0:20:11]} 23. c4 {[%clk 0:30:41]} Kf8
{[%clk 0:15:28]} 24. c3 {[%clk 0:30:54]} b6 {[%clk 0:14:03]} 25. Nd2
{[%clk 0:23:00]} Be7 {[%clk 0:10:08]} 26. Ne4 {[%clk 0:21:21]} Ke8
{[%clk 0:09:55]} 27. Ng3 {[%clk 0:16:28]} g6 {[%clk 0:08:14]} 28. hxg6
{[%clk 0:16:55]} hxg6 {[%clk 0:08:35]} 29. R5d3 {[%clk 0:16:59]} f5
{[%clk 0:07:22]} 30. Ne2 {[%clk 0:17:17]} g5 {[%clk 0:07:22]} 31. f4
{[%clk 0:17:29]} gxf4 {[%clk 0:04:06]} 32. Nxf4 {[%clk 0:16:44]} Kf7
{[%clk 0:04:31]} 33. Rd5 {[%clk 0:12:55]} Ng7 {[%clk 0:04:30]} 34. Ne2
{[%clk 0:12:47]} Bf6 {[%clk 0:04:00]} 35. Bf4 {[%clk 0:13:04]} Ke6
{[%clk 0:03:48]} 36. Rh1 {[%clk 0:10:24]} Be5 {[%clk 0:03:01]} 37. Rh6+
{[%clk 0:07:25]} Kf7 {[%clk 0:03:30]} 38. Kc2 {[%clk 0:07:19]} Re8
{[%clk 0:02:35]} 39. Kb3 {[%clk 0:05:10]} Re6 {[%clk 0:01:22]} 40. Rh1
{[%clk 0:33:52]} Kg6 {[%clk 0:30:45]} 41. Rh8 {[%clk 0:30:19]} Bf6
{[%clk 0:24:42]} 42. Nc1 {[%clk 0:28:29]} Be7 {[%clk 0:09:13]} 43. Nd3
{[%clk 0:28:20]} Rb7 {[%clk 0:09:42]} 44. a4 {[%clk 0:21:20]} a6 {[%clk 0:08:31]}
45. Bh6 {[%clk 0:17:10]} Re4 {[%clk 0:05:53]} 46. Nf4+ Kf7 47. Rh7
{[%clk 0:17:30]} Bf8 {[%clk 0:05:27]} 48. Bxg7 {[%clk 0:17:06]} Kg8
{[%clk 0:03:20]} 49. Bxf8 {[%clk 0:17:02]} Kxh7 50. Bxd6 Rf7 {[%clk 0:00:40]} 51.
g3 {[%clk 0:17:18]} Kh6 {[%clk 0:00:36]} 52. Nd3 {[%clk 0:17:33]} b5 53. axb5
{[%clk 0:17:48]} axb5 {[%clk 0:01:02]} 54. Rxc5 {[%clk 0:17:45]} 1-0

[Event "World Chess Olympiad 2018"]
[Site "Batumi"]
[Date "2018.09.30"]
[Round "6"]
[Board "3"]
[WhiteFideId "5105439"]
[White "Dominguez Aguilar Guillermo"]
[BlackFideId "14003937"]
[Black "Nurmamedov Azat"]
[Result "0-1"]
[LiveChessVersion "1.4.8"]
[BlackElo "2349"]
[WhiteElo "2324"]

1. e4 {[%clk 1:30:40]} c5 {[%clk 1:30:59]} 2. Nf3 {[%clk 1:30:37]} Nc6
{[%clk 1:31:22]} 3. d4 {[%clk 1:30:38]} cxd4 {[%clk 1:31:50]} 4. Nxd4
{[%clk 1:30:52]} Qb6 {[%clk 1:32:17]} 5. Nb3 {[%clk 1:30:39]} Nf6
{[%clk 1:32:41]} 6. Bd3 {[%clk 1:30:51]} e6 {[%clk 1:30:32]} 7. O-O
{[%clk 1:31:03]} Be7 {[%clk 1:27:28]} 8. c4 {[%clk 1:27:48]} Ne5 {[%clk 1:12:21]}
9. Nc3 {[%clk 1:24:41]} d6 {[%clk 1:10:09]} 10. Be2 {[%clk 1:20:13]} O-O
{[%clk 1:02:24]} 11. Be3 {[%clk 1:12:43]} Qc7 {[%clk 0:58:57]} 12. Rc1
{[%clk 1:12:33]} b6 {[%clk 0:50:53]} 13. f4 {[%clk 1:10:38]} Ng6 {[%clk 0:50:44]}
14. Nd4 {[%clk 1:04:49]} Bb7 {[%clk 0:42:43]} 15. Bd3 {[%clk 0:58:32]} Qd7
{[%clk 0:40:25]} 16. Qf3 {[%clk 0:52:39]} Rfe8 {[%clk 0:27:29]} 17. Rcd1
{[%clk 0:50:16]} Rad8 {[%clk 0:25:34]} 18. Qh3 {[%clk 0:44:42]} e5
{[%clk 0:17:46]} 19. Nf5 {[%clk 0:43:52]} Bf8 {[%clk 0:16:44]} 20. fxe5
{[%clk 0:42:24]} dxe5 {[%clk 0:16:51]} 21. c5 {[%clk 0:37:56]} Qc8
{[%clk 0:14:39]} 22. cxb6 {[%clk 0:33:01]} Nf4 {[%clk 0:11:39]} 23. Qg3
{[%clk 0:28:21]} Kh8 {[%clk 0:03:37]} 24. Bb5 {[%clk 0:24:50]} Rxd1
{[%clk 0:03:32]} 25. Rxd1 {[%clk 0:24:47]} Rd8 {[%clk 0:02:07]} 26. Rc1
{[%clk 0:20:51]} axb6 27. Bxb6 {[%clk 0:06:36]} Nxe4 {[%clk 0:01:36]} 28. Qg4
{[%clk 0:05:19]} Rd2 {[%clk 0:01:10]} 29. g3 {[%clk 0:02:51]} Rg2+
{[%clk 0:01:05]} 30. Kf1 {[%clk 0:03:14]} Nd2+ {[%clk 0:01:35]} 31. Ke1
{[%clk 0:03:34]} Nf3+ {[%clk 0:01:59]} 0-1

[Event "World Chess Olympiad 2018"]
[Site "Batumi"]
[Date "2018.09.30"]
[Round "6"]
[Board "4"]
[WhiteFideId "14001128"]
[White "Atabayev Yusup"]
[BlackFideId "5114241"]
[Black "Tello Chavez Isaac Valent"]
[Result "1/2-1/2"]
[LiveChessVersion "1.4.8"]
[BlackElo "2319"]
[WhiteElo "2411"]

1. e4 {[%clk 1:30:56]} d5 {[%clk 1:30:43]} 2. exd5 {[%clk 1:31:19]} Qxd5
{[%clk 1:31:02]} 3. Nc3 {[%clk 1:31:37]} Qd6 {[%clk 1:31:20]} 4. d4
{[%clk 1:31:04]} Nf6 {[%clk 1:31:40]} 5. Nf3 {[%clk 1:30:51]} Bg4
{[%clk 1:30:23]} 6. g3 {[%clk 1:23:47]} e6 {[%clk 1:29:34]} 7. Bg2
{[%clk 1:21:56]} Nc6 {[%clk 1:23:46]} 8. O-O {[%clk 1:21:33]} Be7
{[%clk 1:23:26]} 9. Bf4 {[%clk 1:20:04]} Qd7 {[%clk 1:21:49]} 10. h3
{[%clk 1:20:08]} Bxf3 {[%clk 1:17:03]} 11. Qxf3 {[%clk 1:19:58]} O-O
{[%clk 1:16:08]} 12. Rad1 {[%clk 1:17:20]} Rad8 {[%clk 1:12:05]} 13. d5
{[%clk 1:16:33]} exd5 {[%clk 1:11:09]} 14. Nxd5 {[%clk 1:16:56]} Nxd5
{[%clk 1:10:51]} 15. Qxd5 {[%clk 1:17:02]} Qxd5 {[%clk 0:45:18]} 16. Bxd5
{[%clk 1:16:54]} Bd6 {[%clk 0:37:30]} 17. Bxc6 {[%clk 1:14:07]} bxc6
{[%clk 0:37:48]} 18. Be3 {[%clk 1:14:26]} f5 {[%clk 0:32:50]} 19. Rd4
{[%clk 1:12:17]} Be5 {[%clk 0:20:57]} 20. Rc4 {[%clk 1:10:28]} Bxb2
{[%clk 0:20:06]} 21. Rxc6 {[%clk 1:10:52]} Be5 {[%clk 0:19:56]} 22. Rb1
{[%clk 1:08:06]} Rd5 {[%clk 0:16:00]} 23. Rb4 {[%clk 1:04:53]} Ra5
{[%clk 0:12:44]} 24. a4 {[%clk 1:03:04]} Rf6 {[%clk 0:07:15]} 25. Rxf6
{[%clk 0:58:37]} Bxf6 {[%clk 0:07:35]} 26. Rb8+ {[%clk 0:58:46]} Kf7
{[%clk 0:07:56]} 27. Rb7 {[%clk 0:59:05]} Rxa4 {[%clk 0:05:28]} 28. Rxc7+
{[%clk 0:59:31]} Ke6 {[%clk 0:05:50]} 29. Rxa7 {[%clk 0:59:55]} Rxa7
{[%clk 0:02:51]} 30. Bxa7 {[%clk 1:00:20]} Kd5 {[%clk 0:03:19]} 31. Kf1
{[%clk 1:00:12]} Kc4 {[%clk 0:03:46]} 32. Ke2 {[%clk 1:00:35]} Kc3
{[%clk 0:04:06]} 33. Kd1 {[%clk 1:01:00]} h5 {[%clk 0:03:15]} 34. Be3
{[%clk 0:58:43]} g5 {[%clk 0:00:44]} 35. Kc1 {[%clk 0:55:56]} g4 {[%clk 0:00:41]}
36. h4 {[%clk 0:55:30]} Be5 {[%clk 0:00:39]} 37. Kd1 {[%clk 0:54:04]} Bd6
{[%clk 0:00:42]} 38. Bd2+ {[%clk 0:53:39]} Kc4 {[%clk 0:01:10]} 39. Ke2
{[%clk 0:53:27]} Bc5 {[%clk 0:01:26]} 40. f3 {[%clk 1:22:57]} Bd6
{[%clk 0:31:02]} 41. Be1 {[%clk 1:23:12]} Bc5 {[%clk 0:28:20]} 42. Bd2
{[%clk 1:20:48]} Bd4 {[%clk 0:27:20]} 43. Be3 {[%clk 1:20:08]} Be5
{[%clk 0:27:15]} 44. fxg4 {[%clk 1:19:26]} fxg4 {[%clk 0:27:32]} 45. Bf4
{[%clk 1:19:30]} Bd4 {[%clk 0:25:42]} 46. Kd2 {[%clk 1:19:39]} Bc5
{[%clk 0:25:41]} 47. Be5 {[%clk 1:19:47]} Kd5 {[%clk 0:24:33]} 48. Bc7
{[%clk 1:20:08]} Kc4 {[%clk 0:24:53]} 49. Be5 {[%clk 1:20:31]} Kd5
{[%clk 0:24:59]} 50. Bc7 {[%clk 1:20:55]} Kc4 {[%clk 0:25:24]} 1/2-1/2

[Event "World Chess Olympiad 2018"]
[Site "Batumi"]
[Date "2018.09.30"]
[Round "6"]
[Board "2"]
[WhiteFideId "3702308"]
[White "Vazquez Guillermo"]
[BlackFideId "3804623"]
[Black "Vera Siguenas Deivy"]
[Result "1-0"]
[LiveChessVersion "1.4.8"]
[BlackElo "2494"]
[WhiteElo "2468"]

1. e4 {[%clk 1:30:52]} e5 {[%clk 1:30:55]} 2. Nf3 {[%clk 1:31:12]} Nc6
{[%clk 1:31:19]} 3. Bc4 {[%clk 1:31:03]} Nf6 {[%clk 1:31:44]} 4. d3
{[%clk 1:31:23]} Be7 {[%clk 1:31:57]} 5. O-O {[%clk 1:31:16]} O-O
{[%clk 1:32:22]} 6. a4 {[%clk 1:30:45]} d6 {[%clk 1:32:40]} 7. a5
{[%clk 1:29:54]} a6 {[%clk 1:33:05]} 8. Re1 {[%clk 1:27:48]} h6 {[%clk 1:33:31]}
9. Nc3 {[%clk 1:26:27]} Kh8 {[%clk 1:32:04]} 10. h3 {[%clk 1:21:52]} Be6
{[%clk 1:25:08]} 11. Nd5 {[%clk 1:12:04]} Bxd5 {[%clk 1:14:09]} 12. exd5
{[%clk 1:10:29]} Nd4 {[%clk 1:13:51]} 13. Nxd4 {[%clk 1:02:14]} exd4
{[%clk 1:14:16]} 14. Qe2 {[%clk 1:02:28]} Re8 {[%clk 1:04:13]} 15. Qf3
{[%clk 1:00:38]} Kg8 {[%clk 0:52:38]} 16. Qf4 {[%clk 0:50:15]} c5
{[%clk 0:51:11]} 17. dxc6 {[%clk 0:49:55]} bxc6 {[%clk 0:51:37]} 18. Qxd4
{[%clk 0:49:42]} d5 {[%clk 0:52:00]} 19. Bb3 {[%clk 0:49:30]} Nd7
{[%clk 0:26:12]} 20. Qg4 {[%clk 0:37:56]} Kf8 {[%clk 0:24:14]} 21. Bd2
{[%clk 0:36:04]} Bf6 {[%clk 0:21:09]} 22. Rxe8+ {[%clk 0:32:06]} Qxe8
{[%clk 0:21:34]} 23. Re1 {[%clk 0:32:28]} Qd8 {[%clk 0:20:46]} 24. Ba4
{[%clk 0:30:16]} Qc7 {[%clk 0:17:19]} 25. Qb4+ {[%clk 0:27:08]} Kg8
{[%clk 0:13:23]} 26. Bf4 {[%clk 0:27:30]} Be5 {[%clk 0:11:58]} 27. Bxe5
{[%clk 0:26:42]} Nxe5 {[%clk 0:12:24]} 28. Qb6 {[%clk 0:23:32]} Qe7
{[%clk 0:12:31]} 29. Kf1 {[%clk 0:22:42]} Qf6 {[%clk 0:06:09]} 30. d4
{[%clk 0:22:13]} Nc4 {[%clk 0:03:53]} 31. Qxc6 {[%clk 0:22:33]} Qd8
{[%clk 0:03:29]} 32. b4 {[%clk 0:21:08]} Nd2+ {[%clk 0:03:36]} 33. Kg1
{[%clk 0:21:11]} Ne4 {[%clk 0:04:02]} 34. Bb3 {[%clk 0:19:17]} Nf6
{[%clk 0:02:57]} 35. Re5 {[%clk 0:19:38]} Rb8 {[%clk 0:02:28]} 36. Qxa6
{[%clk 0:17:02]} Rxb4 {[%clk 0:02:38]} 37. Qa7 {[%clk 0:17:17]} Rb5
{[%clk 0:01:00]} 38. a6 {[%clk 0:16:48]} Qc8 {[%clk 0:01:15]} 39. Kh2
{[%clk 0:15:50]} Ra5 {[%clk 0:00:41]} 40. Qb7 {[%clk 0:46:03]} Qc3
{[%clk 0:30:36]} 41. a7 {[%clk 0:45:38]} Qa1 {[%clk 0:28:21]} 42. Re7
{[%clk 0:45:25]} Kh7 {[%clk 0:26:12]} 43. Rxf7 {[%clk 0:43:04]} 1-0

[Event "World Chess Olympiad 2018"]
[Site "Batumi"]
[Date "2018.09.30"]
[Round "6"]
[Board "3"]
[WhiteFideId "3802272"]
[White "Cori Jorge"]
[BlackFideId "2209381"]
[Black "Franco Ocampos Zenon"]
[Result "1-0"]
[LiveChessVersion "1.4.8"]
[BlackElo "2486"]
[WhiteElo "2664"]

1. d4 {[%clk 1:30:56]} d5 {[%clk 1:30:36]} 2. Nf3 {[%clk 1:31:10]} Nf6
{[%clk 1:30:50]} 3. c4 {[%clk 1:31:36]} c6 {[%clk 1:30:57]} 4. e3
{[%clk 1:32:01]} g6 {[%clk 1:30:34]} 5. Nc3 {[%clk 1:32:23]} Bg7 {[%clk 1:30:54]}
6. Be2 {[%clk 1:30:15]} O-O {[%clk 1:31:18]} 7. O-O {[%clk 1:30:43]} Bg4
{[%clk 1:30:12]} 8. b3 {[%clk 1:31:04]} Nbd7 {[%clk 1:29:12]} 9. Bb2
{[%clk 1:31:20]} e6 {[%clk 1:28:59]} 10. h3 {[%clk 1:31:36]} Bxf3
{[%clk 1:29:23]} 11. Bxf3 {[%clk 1:32:04]} Re8 {[%clk 1:29:02]} 12. Rc1
{[%clk 1:24:34]} Qe7 {[%clk 1:27:36]} 13. Re1 {[%clk 1:24:07]} Rad8
{[%clk 1:27:28]} 14. Qc2 {[%clk 1:22:40]} dxc4 {[%clk 1:23:35]} 15. bxc4
{[%clk 1:23:05]} e5 {[%clk 1:23:59]} 16. Red1 {[%clk 1:21:56]} e4
{[%clk 1:19:20]} 17. Be2 {[%clk 1:22:20]} h5 {[%clk 1:19:04]} 18. Qb3
{[%clk 1:21:42]} Qe6 {[%clk 1:15:09]} 19. Ba3 {[%clk 1:14:31]} Nb6
{[%clk 1:10:01]} 20. Rb1 {[%clk 1:04:38]} g5 {[%clk 1:06:53]} 21. d5
{[%clk 1:00:17]} Qf5 {[%clk 1:01:31]} 22. dxc6 {[%clk 0:49:13]} bxc6
{[%clk 1:01:56]} 23. Bd6 {[%clk 0:47:34]} h4 {[%clk 1:00:01]} 24. Qc2
{[%clk 0:38:02]} Bh6 {[%clk 0:55:51]} 25. Bh2 {[%clk 0:27:12]} Nbd7
{[%clk 0:54:26]} 26. Rd6 {[%clk 0:27:16]} Ne5 {[%clk 0:50:26]} 27. Bxe5
{[%clk 0:24:56]} Qxe5 {[%clk 0:50:51]} 28. Rxc6 {[%clk 0:25:22]} Rb8
{[%clk 0:43:12]} 29. Nb5 {[%clk 0:23:20]} Bg7 {[%clk 0:43:01]} 30. Ra6
{[%clk 0:20:25]} Nd7 {[%clk 0:41:10]} 31. Rd1 {[%clk 0:20:12]} Nc5
{[%clk 0:40:01]} 32. Rxa7 {[%clk 0:20:21]} Red8 {[%clk 0:40:11]} 33. Bh5
{[%clk 0:15:44]} f5 {[%clk 0:39:51]} 34. Bf7+ {[%clk 0:15:47]} Kh8
{[%clk 0:39:53]} 35. Qe2 {[%clk 0:14:46]} g4 {[%clk 0:40:08]} 36. hxg4
{[%clk 0:14:32]} f4 {[%clk 0:40:30]} 37. exf4 {[%clk 0:11:41]} Qxf4
{[%clk 0:40:55]} 38. Bd5 {[%clk 0:05:05]} Be5 {[%clk 0:40:46]} 39. Qe3
{[%clk 0:05:23]} Nd3 {[%clk 0:34:31]} 40. Qxf4 {[%clk 0:33:13]} Nxf4
{[%clk 1:04:54]} 41. a4 {[%clk 0:33:32]} Rf8 {[%clk 1:05:04]} 42. Re7
{[%clk 0:31:30]} Ne2+ {[%clk 1:00:32]} 43. Kf1 {[%clk 0:27:13]} Nc3
{[%clk 0:49:33]} 44. Nxc3 {[%clk 0:26:39]} Bxc3 {[%clk 0:49:57]} 45. Rxe4
{[%clk 0:27:05]} 1-0

[Event "World Chess Olympiad 2018"]
[Site "Batumi"]
[Date "2018.09.30"]
[Round "6"]
[Board "4"]
[WhiteFideId "3701166"]
[White "Almiron Antonio"]
[BlackFideId "3805662"]
[Black "Martinez Alcantara Jose Eduardo"]
[Result "0-1"]
[LiveChessVersion "1.4.8"]
[BlackElo "2565"]
[WhiteElo "2358"]

1. d4 {[%clk 1:30:57]} Nf6 {[%clk 1:30:57]} 2. c4 {[%clk 1:31:21]} e6
{[%clk 1:31:24]} 3. Nf3 {[%clk 1:31:46]} Bb4+ {[%clk 1:31:50]} 4. Bd2
{[%clk 1:32:11]} Qe7 {[%clk 1:31:52]} 5. g3 {[%clk 1:32:26]} Bxd2+
{[%clk 1:31:42]} 6. Qxd2 {[%clk 1:32:48]} Nc6 {[%clk 1:32:10]} 7. Nc3
{[%clk 1:32:52]} d5 {[%clk 1:32:31]} 8. Bg2 {[%clk 1:32:40]} dxc4
{[%clk 1:31:51]} 9. O-O {[%clk 1:21:52]} O-O {[%clk 1:31:36]} 10. Ne5
{[%clk 1:21:25]} Nxe5 {[%clk 1:23:45]} 11. dxe5 {[%clk 1:20:44]} Nd7
{[%clk 1:24:12]} 12. f4 {[%clk 1:13:25]} Rb8 {[%clk 1:20:21]} 13. g4
{[%clk 1:02:38]} b5 {[%clk 1:13:58]} 14. Rad1 {[%clk 0:57:25]} b4
{[%clk 0:57:56]} 15. Ne4 {[%clk 0:43:16]} Nc5 {[%clk 0:56:25]} 16. Ng3
{[%clk 0:43:45]} b3 {[%clk 0:41:19]} 17. a3 {[%clk 0:34:23]} Na4 {[%clk 0:32:18]}
18. Kh1 {[%clk 0:34:45]} c3 {[%clk 0:31:15]} 19. bxc3 {[%clk 0:35:09]} b2
{[%clk 0:27:32]} 20. Nh5 {[%clk 0:18:20]} Ba6 {[%clk 0:19:38]} 21. Bc6
{[%clk 0:06:58]} Rfd8 {[%clk 0:16:42]} 22. Qc2 {[%clk 0:06:56]} Bxe2
{[%clk 0:14:11]} 23. Rxd8+ {[%clk 0:06:37]} Qxd8 {[%clk 0:14:31]} 0-1

[Event "World Chess Olympiad 2018"]
[Site "Batumi"]
[Date "2018.09.30"]
[Round "6"]
[Board "1"]
[WhiteFideId "10800166"]
[White "Magana Ben"]
[BlackFideId "4402669"]
[Black "Gallego Alcaraz Andres Felipe"]
[Result "0-1"]
[LiveChessVersion "1.4.8"]
[BlackElo "2511"]
[WhiteElo "2074"]

1. d4 {[%clk 1:30:29]} Nf6 {[%clk 1:30:37]} 2. Bf4 {[%clk 1:20:46]} g6
{[%clk 1:30:02]} 3. e3 {[%clk 1:19:29]} d6 {[%clk 1:29:57]} 4. Nd2
{[%clk 1:19:00]} Nbd7 {[%clk 1:28:06]} 5. Ngf3 {[%clk 1:17:38]} Nh5
{[%clk 1:27:01]} 6. Bg5 {[%clk 1:17:29]} h6 {[%clk 1:27:07]} 7. Bh4
{[%clk 1:17:53]} g5 {[%clk 1:27:09]} 8. Bg3 {[%clk 1:13:06]} Bg7 {[%clk 1:25:58]}
9. c3 {[%clk 1:10:59]} e6 {[%clk 1:22:00]} 10. Bd3 {[%clk 1:03:16]} Qe7
{[%clk 1:19:28]} 11. Qe2 {[%clk 1:02:04]} a6 {[%clk 1:17:31]} 12. O-O-O
{[%clk 0:56:14]} b5 {[%clk 1:12:56]} 13. Ne4 {[%clk 0:45:09]} f5 {[%clk 0:54:24]}
14. Ne1 {[%clk 0:32:59]} Qf7 {[%clk 0:47:45]} 15. Bxd6 {[%clk 0:28:51]} fxe4
{[%clk 0:33:14]} 16. Bxe4 {[%clk 0:29:07]} Ra7 {[%clk 0:29:57]} 17. Qc2
{[%clk 0:29:09]} cxd6 {[%clk 0:29:29]} 18. Bg6 {[%clk 0:29:37]} Nhf6
{[%clk 0:29:24]} 19. Bxf7+ {[%clk 0:29:34]} Kxf7 {[%clk 0:29:47]} 20. Kb1
{[%clk 0:29:00]} Rc7 {[%clk 0:28:26]} 21. Nd3 {[%clk 0:27:21]} Nb6
{[%clk 0:22:05]} 22. f3 {[%clk 0:26:58]} Nc4 {[%clk 0:20:31]} 23. Rhe1
{[%clk 0:24:09]} Bb7 {[%clk 0:17:19]} 24. e4 Rhc8 25. e5 {[%clk 0:22:20]} dxe5
{[%clk 0:14:47]} 26. dxe5 {[%clk 0:18:40]} Nd5 {[%clk 0:14:39]} 27. Qf2
{[%clk 0:18:51]} Kg8 {[%clk 0:13:10]} 28. Rc1 {[%clk 0:11:33]} Ne7
{[%clk 0:06:14]} 29. b3 {[%clk 0:07:42]} Na5 {[%clk 0:05:30]} 30. Qb6
{[%clk 0:07:49]} Nac6 {[%clk 0:05:18]} 31. Nb4 {[%clk 0:05:15]} Nd8
{[%clk 0:00:36]} 32. Red1 {[%clk 0:04:46]} Nd5 {[%clk 0:00:47]} 33. Nxd5
{[%clk 0:04:54]} Bxd5 {[%clk 0:00:46]} 34. Qxa6 {[%clk 0:03:54]} Rb7
{[%clk 0:00:38]} 35. Rd4 {[%clk 0:02:15]} Bxe5 {[%clk 0:00:45]} 36. Rb4
{[%clk 0:02:19]} Rc6 {[%clk 0:00:43]} 37. Qa8 {[%clk 0:01:42]} Rb8
{[%clk 0:00:46]} 38. Qa7 {[%clk 0:01:45]} Rb7 {[%clk 0:00:59]} 39. Qa8
{[%clk 0:01:34]} Rb8 {[%clk 0:00:50]} 40. Qa7 {[%clk 0:31:53]} Rb7
{[%clk 0:30:51]} 41. Qa8 {[%clk 0:24:58]} Rd6 {[%clk 0:17:22]} 42. c4
{[%clk 0:24:23]} Bc6 {[%clk 0:16:59]} 43. cxb5 {[%clk 0:24:19]} Bxb5
{[%clk 0:16:57]} 44. Rc8 {[%clk 0:21:50]} Rd1+ {[%clk 0:16:00]} 45. Kc2
{[%clk 0:21:44]} Rbd7 {[%clk 0:16:12]} 46. Rxd8+ {[%clk 0:16:16]} Rxd8
{[%clk 0:15:06]} 47. Qxd8+ {[%clk 0:14:52]} Rxd8 {[%clk 0:15:29]} 48. Rxb5
{[%clk 0:15:18]} Bxh2 {[%clk 0:15:50]} 49. a4 {[%clk 0:15:33]} Bf4
{[%clk 0:16:01]} 50. a5 {[%clk 0:14:15]} Rd2+ {[%clk 0:14:59]} 51. Kc3
{[%clk 0:14:40]} Rxg2 {[%clk 0:15:07]} 52. a6 {[%clk 0:14:42]} Ra2
{[%clk 0:14:05]} 53. Rb6 {[%clk 0:15:00]} Kf7 {[%clk 0:09:55]} 54. b4
{[%clk 0:15:03]} h5 {[%clk 0:10:11]} 55. b5 {[%clk 0:13:29]} h4 {[%clk 0:10:01]}
56. Rb7+ {[%clk 0:13:30]} Kf6 {[%clk 0:09:48]} 57. Rh7 {[%clk 0:12:29]} Kg6
{[%clk 0:09:28]} 58. Re7 {[%clk 0:11:56]} Kf6 {[%clk 0:06:04]} 59. Rh7
{[%clk 0:12:12]} Be3 {[%clk 0:06:25]} 60. Kb3 {[%clk 0:11:34]} Ra1
{[%clk 0:06:35]} 61. Rc7 {[%clk 0:07:47]} Bb6 {[%clk 0:05:40]} 62. Rb7
{[%clk 0:07:18]} Bd4 {[%clk 0:05:22]} 63. Kc4 {[%clk 0:05:00]} Bg1
{[%clk 0:05:34]} 0-1

[Event "World Chess Olympiad 2018"]
[Site "Batumi"]
[Date "2018.09.30"]
[Round "6"]
[Board "2"]
[WhiteFideId "4403940"]
[White "Rios Cristhian Camilo"]
[BlackFideId "10800360"]
[Black "Singe Philip Mbawala"]
[Result "1-0"]
[LiveChessVersion "1.4.8"]
[BlackElo "1845"]
[WhiteElo "2465"]

1. d4 {[%clk 1:30:54]} Nf6 {[%clk 1:30:51]} 2. c4 {[%clk 1:31:15]} b6
{[%clk 1:31:06]} 3. Nc3 {[%clk 1:31:21]} Bb7 {[%clk 1:31:30]} 4. d5
{[%clk 1:27:32]} e6 {[%clk 1:31:40]} 5. a3 {[%clk 1:27:45]} e5 {[%clk 1:30:31]}
6. e4 {[%clk 1:26:52]} a5 {[%clk 1:27:38]} 7. Nf3 {[%clk 1:26:47]} d6
{[%clk 1:28:01]} 8. b3 {[%clk 1:25:19]} Nbd7 {[%clk 1:28:23]} 9. Be2
{[%clk 1:24:24]} Be7 {[%clk 1:28:47]} 10. h3 {[%clk 1:23:10]} Nf8
{[%clk 1:24:28]} 11. Be3 {[%clk 1:21:00]} Ng6 {[%clk 1:22:02]} 12. g3
{[%clk 1:21:16]} Bc8 {[%clk 1:19:54]} 13. Nd2 {[%clk 1:17:52]} Ng8
{[%clk 1:06:17]} 14. h4 {[%clk 1:18:11]} f5 {[%clk 1:02:48]} 15. exf5
{[%clk 1:13:28]} Bxf5 {[%clk 1:01:22]} 16. h5 {[%clk 1:13:34]} Nf8
{[%clk 1:01:27]} 17. Bg4 {[%clk 1:04:12]} Qd7 {[%clk 0:53:58]} 18. Bxf5
{[%clk 1:04:10]} Qxf5 {[%clk 0:54:11]} 19. b4 {[%clk 1:03:16]} Nh6
{[%clk 0:47:39]} 20. Nb5 {[%clk 0:55:32]} Bd8 {[%clk 0:39:09]} 21. Bxb6
{[%clk 0:49:01]} Nd7 {[%clk 0:32:08]} 22. Bxc7 {[%clk 0:47:50]} O-O
{[%clk 0:31:34]} 23. Qe2 {[%clk 0:47:09]} Bxc7 {[%clk 0:28:16]} 24. Nxc7
{[%clk 0:47:24]} Ra7 {[%clk 0:25:57]} 25. Nb5 {[%clk 0:47:10]} Ra6
{[%clk 0:26:09]} 26. Nc7 {[%clk 0:43:42]} Ra7 {[%clk 0:26:32]} 27. Ne6
{[%clk 0:44:05]} Rc8 {[%clk 0:21:01]} 28. Ne4 {[%clk 0:43:56]} Ra6
{[%clk 0:15:57]} 29. O-O {[%clk 0:40:27]} Ng4 {[%clk 0:12:16]} 30. f3
{[%clk 0:40:14]} Nh6 {[%clk 0:10:11]} 31. c5 {[%clk 0:39:57]} 1-0